00605nam a22002057a 4500003000500000005001700005008004100022010001100063011001100074020001500085035001100100040000900111082001700120100002500137245011500162260004600277300002000323650003200343650002400375CHAP20220329143709.0110211s1990 us a r 00010 eng d a100496 a101468 a9930588460 a112156 cCHAP04a581.632bR671 aRoos Collins, Margit14aThe flavors of home :ba guide to wild edible plants of the San Francisco Bay areac/por Margit Roos - Collins eBerkeley California:bHeyday Books,c1990 a224 p. :bilus.14aPlantas comestiblesxE.U.A.14aPlantas silvestres.